Wiederholung und Experiment bei Edgar Degas

Saved in:
Bibliographic Details
Main Author: Berger, Christian (Author)
Document Type: Thesis Book
Language:German
Published: Berlin : Reimer , 2014
Subjects:
Online Access:Rezension
Inhaltsverzeichnis
Rezension
Inhaltstext
Inhaltsverzeichnis
Rezension
Related Items:Erscheint auch als: Wiederholung und Experiment bei Edgar Degas
Mikrofiche-Ausg.: Wiederholung und Experiment bei Edgar Degas
Rezensiert in: [Rezension von: Christian Berger, Wiederholung und Experiment bei Edgar Degas]
Rezensiert in: [Rezension von: Christian Berger, Wiederholung und Experiment bei Edgar Degas]
Rezensiert in: Systematik der Opportunität
Author Notes:Christian Berger
LEADER 04800cam a2200949 c 4500
001 787163236
003 DE-627
005 20260617221123.0
007 tu
008 140604s2014 gw ||||| m 00| ||ger c
010 |a  2015379517 
015 |a 14,N23  |2 dnb 
015 |a 14,N23  |2 dnb 
016 7 |a 1051593182  |2 DE-101 
020 |a 9783496014980  |q Pb. : EUR 39.00 (DE), ca. EUR 40.10 (AT), ca. sfr 50.70 (freier Pr.)  |9 978-3-496-01498-0 
020 |a 3496014989  |9 3-496-01498-9 
024 3 |a 9783496014980 
035 |a (DE-627)787163236 
035 |a (DE-603)343166054 
035 |a (DE-576)414861485 
035 |a (DE-599)DNB1051593182 
035 |a (OCoLC)881100829 
035 |a (OCoLC)927618386 
035 |a (OCoLC)894847198 
040 |a DE-627  |b ger  |c DE-627  |e rakwb 
041 |a ger 
044 |c XA-DE-BE 
050 0 |a N6853.D33 
082 0 |a 759.4  |2 22/ger 
082 0 4 |a 750  |a 700  |a DNB  |q DNB 
084 |a 9,10  |2 ssgn 
084 |a LI 25500  |2 rvk  |0 (DE-625)rvk/95850: 
084 |a 20.31  |2 bkl 
084 |a 21.02  |2 bkl 
090 |a a 
100 1 |a Berger, Christian  |d 1977-  |0 (DE-588)13553545X  |0 (DE-627)566677555  |0 (DE-576)280893833  |4 aut 
245 1 0 |a Wiederholung und Experiment bei Edgar Degas  |c Christian Berger 
263 |a 2014-10 
264 1 |a Berlin  |b Reimer  |c 2014 
300 |a 215 S.  |b zahlr. Ill.  |c 24 cm 
336 |a Text  |b txt  |2 rdacontent 
337 |a ohne Hilfsmittel zu benutzen  |b n  |2 rdamedia 
338 |a Band  |b nc  |2 rdacarrier 
500 |a Literaturverzeichnis Seite [179]-204 
502 |a Teilw. zugl.: Berlin, Freie Univ., Diss., 2013 
505 8 |a Literaturverz. S. [179] - 204 
583 1 |a Archivierung/Langzeitarchivierung gewährleistet  |f SSG  |x XA-DE-BW  |2 pdager  |5 DE-16 
583 1 |a Archivierung prüfen  |c 20251012  |f DE-4165  |z 2  |2 pdager 
600 1 0 |a Degas, Edgar  |d 1834-1917  |x Criticism and interpretation 
600 1 7 |0 (DE-588)118524291  |0 (DE-627)145380068  |0 (DE-576)160694760  |a Degas, Edgar  |d 1834-1917  |2 gnd 
650 0 |a Dance in art 
650 0 7 |0 (DE-588)4037220-0  |0 (DE-627)10623871X  |0 (DE-576)209022892  |a Malerei  |2 gnd 
655 7 |a Hochschulschrift  |0 (DE-588)4113937-9  |0 (DE-627)105825778  |0 (DE-576)209480580  |2 gnd-content 
689 0 0 |d p  |0 (DE-588)118524291  |0 (DE-627)145380068  |0 (DE-576)160694760  |a Degas, Edgar  |d 1834-1917  |2 gnd 
689 0 1 |d s  |0 (DE-588)4037220-0  |0 (DE-627)10623871X  |0 (DE-576)209022892  |a Malerei  |2 gnd 
689 0 |5 DE-101 
689 1 0 |d p  |0 (DE-588)118524291  |0 (DE-627)145380068  |0 (DE-576)160694760  |a Degas, Edgar  |d 1834-1917  |2 gnd 
689 1 |5 (DE-627) 
751 |a Berlin  |0 (DE-588)4005728-8  |0 (DE-627)10482638X  |0 (DE-576)208862560  |4 uvp 
776 0 8 |i Erscheint auch als  |n Mikroform-Ausgabe  |a Berger, Christian, 1977 -   |t Wiederholung und Experiment bei Edgar Degas  |d Berlin, 2013  |h 4 Mikrofiches (288, 74 ungezählte Seiten)  |w (DE-627)847894908 
776 0 8 |i Mikrofiche-Ausg.  |a Berger, Christian, 1977 -   |t Wiederholung und Experiment bei Edgar Degas  |d 2013  |h 288, [74] Bl.  |w (DE-627)1477636862  |w (DE-576)407636862 
787 0 8 |i Rezensiert in  |a Tröster Klemm, Sara, 1980 -   |t [Rezension von: Christian Berger, Wiederholung und Experiment bei Edgar Degas]  |d Regensburg : Verlag Schnell & Steiner GmbH, 2016  |w (DE-627)168746300X 
787 0 8 |i Rezensiert in  |a Hemkendreis, Anne  |t [Rezension von: Christian Berger, Wiederholung und Experiment bei Edgar Degas]  |d 2016  |w (DE-627)1795283572 
787 0 8 |i Rezensiert in  |a Petri, Grischka, 1972 -   |t Systematik der Opportunität  |d 2017  |w (DE-627)1932385576 
856 4 2 |u https://swbplus.bsz-bw.de/bsz414861485rez.htm  |m B:DE-576;DE-16  |q application/pdf  |v 20160728154112  |x Verlag  |3 Rezension  |7 1 
856 4 2 |u https://swbplus.bsz-bw.de/bsz414861485inh.htm  |m B:DE-576;DE-16  |q application/pdf  |v 20150317110225  |x Verlag  |3 Inhaltsverzeichnis  |7 1 
856 4 2 |u http://www.sehepunkte.de/2016/07/26334.html  |m V:DE-576;X:Sehepunkte  |q text/html  |v 20180419093555  |3 Rezension  |7 1 
856 4 2 |u http://deposit.dnb.de/cgi-bin/dokserv?id=4678775&prov=M&dok_var=1&dok_ext=htm  |m X: MVB  |q text/html  |v 2014-06-04  |x Verlag  |3 Inhaltstext  |7 1 
856 4 2 |u http://d-nb.info/1051593182/04  |m B:DE-101  |q application/pdf  |3 Inhaltsverzeichnis  |7 1 
856 4 2 |u http://scans.hebis.de/HEBCGI/show.pl?34316605_rez.pdf  |m V:DE-576;B:DE-16  |q application/pdf  |3 Rezension  |7 1 
935 |i sf 
935 |i Blocktest 
936 r v |a LI 25500  |b Degas, Edgar  |k Kunstgeschichte  |k Künstler-Monografien  |k Alphabetische Künstlerliste  |k Künstler D  |k Degas, Edgar  |0 (DE-627)1270650971  |0 (DE-625)rvk/95850:  |0 (DE-576)200650971 
936 b k |a 20.31  |j Bildende Künstler  |0 (DE-627)181571080 
936 b k |a 21.02  |j Geschichte der Malerei  |0 (DE-627)106406698 
936 s n |a l300  |2 mzub 
951 |a BO 
990 |a Degas, Edgar 
990 |a Malerei 
990 |a Degas, Edgar 
991 |a Rezensiertes Werk 
999 |a KXP-PPN787163236  |e 4113079137